[Event "LSS BI-2010-P-00016"]
[Site "LSS email"]
[Date "2010.04.19"]
[Round "?"]
[White "Istomin, Sergei"]
[Black "Maidana Guerra, Victor Ramon"]
[Result "1-0"]
[WhiteElo "2090"]
[BlackElo "1934"]
[PlyCount "139"]
[EventDate "2010.04.22"]
[EventType "tourn (corr)"]
[EventRounds "10"]
[EventCountry "GER"]
[SourceTitle "Telechess CBM 147"]
[Source "ChessBase"]
[SourceDate "2012.03.16"]
[SourceVersion "1"]
[SourceVersionDate "2012.03.16"]
[SourceQuality "1"]

1. c4 Nf6 2. Nc3 e6 3. d4 d5 4. cxd5 exd5 5. Bg5 Be7 6. e3 c6 7. Bd3 Nbd7 8. Qc2 0-0 9. Nge2 Re8 10. 0-0 Nf8 11. f3 Be6 12. Rad1 Ng6 13. a3 Qd7 14. Rfe1 Nh5 15. Bxe7 Qxe7 16. Ng3 Nxg3 17. hxg3 Qd6 18. g4 Re7 19. Kf2 Rae8 20. g3 Nf8 21. Rh1 g6 22. Kg2 f6 23. Rde1 Bf7 24. Qd2 a5 25. Nd1 b6 26. f4 c5 27. Nc3 Ne6 28. Bc2 Kg7 29. Ba4 Rc8 30. Bd1 Rd8 31. Bf3 Bg8 32. Rd1 Nc7 33. f5 g5 34. e4 cxd4 35. Qxd4 Red7 36. Kf2 dxe4 37. Qxd6 Rxd6 38. Rxd6 Rxd6 39. Nxe4 Rc6 40. Re1 Rc2+ 41. Re2 Rxe2+ 42. Bxe2 Ne8 43. Ke3 Bd5 44. Nc3 Nc7 45. Na4 Na8 46. Kd4 Bb7 47. Bd3 Bc6 48. Nc3 Nc7 49. Be4 Nb5+ 50. Kd3 Na7 51. Kc4 Be8 52. Kd5 Nc6 53. Bf3 Ne5 54. Be2 Bc6+ 55. Kd6 Bg2 56. Nd5 Nf7+ 57. Ke6 Nd8+ 58. Kd7 Bxd5 59. Kxd8 Bb3 60. Kc7 a4 61. Kxb6 Kf8 62. Ka5 Ke7 63. Bb5 Bd1 64. Bxa4 Bxg4 65. b4 Bxf5 66. b5 Kd6 67. Ka6 Be4 68. b6 h6 69. Ka7 Kc5 70. b7 1-0

[Event "LSS RB-2010-0-00082"]
[Site "LSS email"]
[Date "2010.04.08"]
[Round "?"]
[White "Quaranta, Cristiano"]
[Black "Maidana Guerra, Victor Ramon"]
[Result "0-1"]
[WhiteElo "1873"]
[BlackElo "1860"]
[PlyCount "46"]
[EventDate "2010.02.15"]
[EventType "tourn (corr)"]
[EventRounds "6"]
[EventCountry "GER"]
[SourceTitle "Telechess CBM 141"]
[Source "ChessBase"]
[SourceDate "2011.03.17"]
[SourceVersion "1"]
[SourceVersionDate "2011.03.17"]
[SourceQuality "1"]

1. d4 d5 2. c4 e6 3. Nf3 Nf6 4. g3 c6 5. Bg2 Be7 6. 0-0 0-0 7. Qc2 Nbd7 8. Nbd2 b6 9. e4 Bb7 10. e5 Ne8 11. cxd5 cxd5 12. Re1 Rc8 13. Qa4 a6 14. Bf1 h6 15. Bd3 Nb8 16. Bb1 a5 17. Qb3 Ba6 18. Nf1 Qd7 19. h4 a4 20. Qe3 Qb5 21. Qf4 Nc6 22. Qg4 Bb4 23. Bd2 Bxd2 0-1

[Event "LSS RB-2010-0-00078"]
[Site "LSS email"]
[Date "2010.02.15"]
[Round "?"]
[White "Maidana Guerra, Victor Ramon"]
[Black "Nett, Philipp"]
[Result "1-0"]
[WhiteElo "1813"]
[BlackElo "1765"]
[PlyCount "59"]
[EventDate "2010.01.06"]
[EventType "tourn (corr)"]
[EventRounds "6"]
[EventCountry "GER"]
[SourceTitle "Corr 2013"]
[Source "ChessBase"]
[SourceDate "2012.11.12"]
[SourceVersion "1"]
[SourceVersionDate "2012.11.12"]
[SourceQuality "1"]

1. d4 Nf6 2. c4 e6 3. Nf3 d5 4. Bg5 dxc4 5. e4 b5 6. a4 c6 7. axb5 cxb5 8. Nc3 Qb6 9. Be2 Bb7 10. Bxf6 gxf6 11. 0-0 a6 12. Qd2 Nd7 13. Qf4 Bg7 14. h4 0-0 15. Rfd1 Rfd8 16. h5 h6 17. Nh4 Rac8 18. Bf1 Qc7 19. Qe3 Nb6 20. Nf3 f5 21. exf5 exf5 22. Nh4 Nd5 23. Qh3 Nf4 24. Qe3 b4 25. Na4 Bf6 26. Nc5 Bxh4 27. Nxb7 Nd5 28. Qh3 Bxf2+ 29. Kxf2 Qxb7 30. Qg3+ 1-0

[Event "LSS RB-2010-0-00078"]
[Site "LSS email"]
[Date "2010.02.11"]
[Round "?"]
[White "Bonoldi, Fabio"]
[Black "Maidana Guerra, Victor Ramon"]
[Result "0-1"]
[WhiteElo "1918"]
[BlackElo "1902"]
[PlyCount "84"]
[EventDate "2010.01.06"]
[EventType "tourn (corr)"]
[EventRounds "6"]
[EventCountry "GER"]
[SourceTitle "Telechess CBM 141"]
[Source "ChessBase"]
[SourceDate "2011.03.17"]
[SourceVersion "1"]
[SourceVersionDate "2011.03.17"]
[SourceQuality "1"]

1. d4 d5 2. Bf4 c6 3. Nf3 Nd7 4. e3 Ngf6 5. Nbd2 g6 6. Bd3 Nh5 7. Bg5 h6 8. Bh4 Qb6 9. c3 g5 10. Bg3 Nxg3 11. hxg3 Qxb2 12. c4 Bg7 13. Kf1 Qc3 14. Be2 0-0 15. Rc1 Qb2 16. a4 Re8 17. cxd5 cxd5 18. Kg1 a6 19. g4 Rb8 20. Nb3 b6 21. Rb1 Qa3 22. Nbd2 Bb7 23. Nf1 Rec8 24. Ng3 e6 25. Ra1 Qb2 26. Bd3 Rc3 27. Rb1 Qa3 28. Ne1 Qd6 29. Qe2 Nf6 30. Bxa6 Bxa6 31. Qxa6 Nxg4 32. Nh5 Bf8 33. Qe2 f5 34. Qb2 Qa3 35. Kf1 Qxb2 36. Rxb2 Ra8 37. Ke2 Rxa4 38. Nd3 Kf7 39. Rd1 Kg6 40. Ng3 Bd6 41. Nf1 Bc7 42. Rdd2 f4 0-1

[Event "LSS BI-2007-P-00020"]
[Site "LSS email"]
[Date "2007.04.23"]
[Round "?"]
[White "Maidana Guerra, Victor Ramon"]
[Black "Heyboer, Peter J"]
[Result "1-0"]
[WhiteElo "1934"]
[BlackElo "752"]
[PlyCount "25"]
[EventDate "2007.04.23"]
[EventType "tourn (corr)"]
[EventRounds "10"]
[EventCountry "GER"]
[SourceTitle "Corr 2015"]
[Source "ChessBase"]
[SourceDate "2015.07.17"]
[SourceVersion "1"]
[SourceVersionDate "2015.07.17"]
[SourceQuality "1"]

1. d4 e6 2. Nf3 d5 3. g3 Nf6 4. c4 c5 5. Bg2 Nc6 6. 0-0 cxd4 7. cxd5 Qxd5 8. Nxd4 Qd7 9. Nxc6 bxc6 10. Qc2 Bb7 11. Rd1 Qc7 12. Bf4 e5 13. Bxe5 1-0

[Event "LSS BI-2007-P-00020"]
[Site "LSS email"]
[Date "2007.04.23"]
[Round "?"]
[White "Ramires, Jose"]
[Black "Maidana Guerra, Victor Ramon"]
[Result "0-1"]
[WhiteElo "1389"]
[BlackElo "1934"]
[PlyCount "22"]
[EventDate "2007.04.23"]
[EventType "tourn (corr)"]
[EventRounds "10"]
[EventCountry "GER"]
[SourceTitle "Corr 2015"]
[Source "ChessBase"]
[SourceDate "2015.07.17"]
[SourceVersion "1"]
[SourceVersionDate "2015.07.17"]
[SourceQuality "1"]

1. e4 g6 2. d4 Bg7 3. Nc3 d6 4. f4 Nc6 5. Be3 e6 6. Nf3 Nge7 7. Qd2 a6 8. 0-0-0 d5 9. e5 b5 10. Bf2 Qd7 11. Ne1 Na5 0-1

[Event "LSS SI-2007-0-00077"]
[Site "LSS email"]
[Date "2007.04.04"]
[Round "?"]
[White "Korovin, Sergei"]
[Black "Maidana Guerra, Victor Ramon"]
[Result "0-1"]
[WhiteElo "1542"]
[BlackElo "1934"]
[PlyCount "22"]
[EventDate "2007.04.02"]
[EventType "tourn (corr)"]
[EventRounds "6"]
[EventCountry "GER"]
[SourceTitle "Corr 2015"]
[Source "ChessBase"]
[SourceDate "2015.07.17"]
[SourceVersion "1"]
[SourceVersionDate "2015.07.17"]
[SourceQuality "1"]

1. Nc3 e5 2. e4 Nf6 3. f4 d5 4. fxe5 Nxe4 5. Nf3 Bg4 6. Qe2 Nxc3 7. dxc3 Nc6 8. Bf4 Qd7 9. 0-0-0 0-0-0 10. Qd2 Bc5 11. h3 Bxf3 0-1